Introduction to natural products chemistry (Record no. 11810)
[ view plain ]
| 000 -LEADER | |
|---|---|
| fixed length control field | 01756nam a2200349Ia 4500 |
| 001 - CONTROL NUMBER | |
| control field | CRC0KE12989PDF |
| 003 - CONTROL NUMBER IDENTIFIER | |
| control field | BD-DhSAU |
| 005 - DATE AND TIME OF LATEST TRANSACTION | |
| control field | 20151012144306.0 |
| 006 - FIXED-LENGTH DATA ELEMENTS--ADDITIONAL MATERIAL CHARACTERISTICS | |
| fixed length control field | m|||||o||d|||||||| |
| 007 - PHYSICAL DESCRIPTION FIXED FIELD--GENERAL INFORMATION | |
| fixed length control field | cr|||| |
| 008 - FIXED-LENGTH DATA ELEMENTS--GENERAL INFORMATION | |
| fixed length control field | 110928s2012 fluad sb 001 0 eng d |
| 020 ## - INTERNATIONAL STANDARD BOOK NUMBER | |
| International Standard Book Number | 9781439860779 (ebook : PDF) |
| 040 ## - CATALOGING SOURCE | |
| Original cataloging agency | BD-DhSAU |
| Transcribing agency | BD-DhSAU |
| 090 ## - LOCALLY ASSIGNED LC-TYPE CALL NUMBER (OCLC); LOCAL CALL NUMBER (OCLC) | |
| Classification number (OCLC) (R) ; Classification number, CALL (RLIN) (NR) | QD415 |
| Local cutter number (OCLC) ; Book number/undivided call number, CALL (RLIN) | .T5413 2012 |
| 092 ## - LOCALLY ASSIGNED DEWEY CALL NUMBER (OCLC) | |
| Classification number | 547 |
| Item number | T551 |
| 130 0# - MAIN ENTRY--UNIFORM TITLE | |
| Uniform title | Tian ran chan wu hua xue. |
| Language of a work | English. |
| 245 10 - TITLE STATEMENT | |
| Title | Introduction to natural products chemistry |
| Medium | [electronic resource] / |
| Statement of responsibility, etc. | edited by Rensheng Xu, Yang Ye, Weimin Zhao. |
| 260 ## - PUBLICATION, DISTRIBUTION, ETC. (IMPRINT) | |
| Place of publication, distribution, etc. | Boca Raton, Fla. : |
| Name of publisher, distributor, etc. | CRC Press, |
| Date of publication, distribution, etc. | 2012. |
| 300 ## - PHYSICAL DESCRIPTION | |
| Extent | xviii, 363 p. : |
| Other physical details | ill. |
| 504 ## - BIBLIOGRAPHY, ETC. NOTE | |
| Bibliography, etc | Includes bibliographical references and index. |
| 505 0# - FORMATTED CONTENTS NOTE | |
| Formatted contents note | ch. 1. Introduction -- ch. 2. Extraction and isolation of natural products -- ch. 3. Chemistry of fungal products -- ch. 4. Alkaloids -- ch. 5. Sesquiterpenoids -- ch. 6. Diterpenes -- ch. 7. Saponins -- ch. 8. Amino acids and peptides -- ch. 9. Flavonoids -- ch. 10. Anthraquinones -- ch. 11. Coumarins -- ch. 12. Lignans -- ch. 13. Other natural bioactive compounds -- ch. 14. Marine natural products -- ch. 15. Structural modification of active principles from TCM -- ch. 16. Chemical synthesis of natural products. |
| 530 ## - ADDITIONAL PHYSICAL FORM AVAILABLE NOTE | |
| Additional physical form available note | Also available in print edition. |
| 538 ## - SYSTEM DETAILS NOTE | |
| System details note | Mode of access: World Wide Web. |
| 650 #0 - SUBJECT ADDED ENTRY--TOPICAL TERM | |
| Topical term or geographic name as entry element | Natural products |
| General subdivision | Analysis. |
| 650 #0 - SUBJECT ADDED ENTRY--TOPICAL TERM | |
| Topical term or geographic name as entry element | Biochemistry. |
| 655 #7 - INDEX TERM--GENRE/FORM | |
| Genre/form data or focus term | Electronic books. |
| Source of term | lcsh |
| 700 1# - ADDED ENTRY--PERSONAL NAME | |
| Personal name | Xu, Rensheng. |
| 700 1# - ADDED ENTRY--PERSONAL NAME | |
| Personal name | Ye, Yang, |
| Dates associated with a name | 1965- |
| 700 1# - ADDED ENTRY--PERSONAL NAME | |
| Personal name | Zhao, Weimin, |
| Dates associated with a name | 1966- |
| 776 1# - ADDITIONAL PHYSICAL FORM ENTRY | |
| International Standard Book Number | 9781439860762 |
| 856 40 - ELECTRONIC LOCATION AND ACCESS | |
| Uniform Resource Identifier | <a href="http://marc.crcnetbase.com/isbn/9781439860779">http://marc.crcnetbase.com/isbn/9781439860779</a> |
| Electronic format type | application/PDF |
No items available.
